| 000 | 00817cam a2200229 4500 | ||
|---|---|---|---|
| 001 | ABS62688 | ||
| 008 | 000000n2000 000 0 eng u | ||
| 035 | _a(Sirsi) u108162 | ||
| 110 |
_aMorris _hA. |
||
| 245 | _aConstructive foresight | ||
| 260 | _c2000 | ||
| 490 |
_aEstates Gazette _v(0033) 19 August 2000,, 70-71(2) |
||
| 520 | _aA 'mainly for students' article looking at compensation provisions within construction contracts. Considers the basis of compensation, loss and expense, liquidated damages and extension of time. | ||
| 590 | _aABS | ||
| 650 | _aCOMPENSATION | ||
| 650 | _aBUILT ENVIRONMENT-BUILDING CONTRACT FORMS | ||
| 650 | _aLOSS AND EXPENSE | ||
| 650 | _aLIQUIDATED DAMAGES | ||
| 650 |
_aDISPUTE RESOLUTION _96236 |
||
| 690 | _aBUILT ENVIRONMENT-BUILDING CONTRACT FORMS | ||
| 942 | _n0 | ||
| 999 |
_c64603 _d64603 |
||